[Event "IECC KO-1058"]
[Site "IECC email"]
[Date "2006.03.17"]
[Round "?"]
[White "Chua, Belsten"]
[Black "Venturas, Bob"]
[Result "0-1"]
[WhiteElo "988"]
[BlackElo "1104"]
[PlyCount "86"]
[EventDate "2006.??.??"]
[EventType "match (corr)"]
[EventRounds "2"]
[SourceTitle "Corr 2020"]
[Source "ChessBase"]
[SourceDate "2019.09.30"]
[SourceVersion "1"]
[SourceVersionDate "2019.09.30"]
[SourceQuality "1"]
[WhiteTeam "Philippines"]
[BlackTeam "Canada"]
[WhiteTeamCountry "PHI"]
[BlackTeamCountry "CAN"]

1. e4 e5 2. Nf3 Nc6 3. d4 d6 4. dxe5 dxe5 5. Qxd8+ Nxd8 6. Nxe5 Nf6 7. Bd3 Bc5 8. 0-0 0-0 9. Bd2 Re8 10. Nf3 Nxe4 11. Bxe4 Rxe4 12. Re1 Rxe1+ 13. Bxe1 Bg4 14. Ne5 Bf5 15. c3 Ne6 16. Nd2 Rd8 17. Nb3 Be7 18. Nc4 Bg5 19. Nca5 b6 20. Nc6 Rd7 21. Nxa7 Bc2 22. Nb5 Nf4 23. N3d4 Bd3 24. a4 c5 25. Nf3 Ne2+ 26. Kh1 Bf6 27. Bd2 Be4 28. Be3 Rd8 29. Re1 Bd3 30. Nc7 h6 31. h3 Rc8 32. Nd5 b5 33. Nxf6+ gxf6 34. axb5 Bxb5 35. Bxh6 Bd3 36. Rd1 Ba6 37. Rd6 Bc4 38. Rxf6 Rb8 39. Rc6 Rxb2 40. Ng5 Rb8 41. Rxc5 Ba2 42. Rc7 f6 43. Rf7 Bxf7 0-1

[Event "IECC CL8-2002.11"]
[Site "IECC email"]
[Date "2002.11.20"]
[Round "?"]
[White "Morello, Stefano"]
[Black "Chua, Belsten"]
[Result "0-1"]
[WhiteElo "993"]
[BlackElo "982"]
[PlyCount "80"]
[EventDate "2002.??.??"]
[EventType "tourn (corr)"]
[EventRounds "4"]
[SourceTitle "Corr 2008"]
[Source "ChessBase"]
[SourceDate "2008.06.24"]
[SourceVersion "1"]
[SourceVersionDate "2008.06.24"]
[SourceQuality "1"]

1. e4 c5 2. Nf3 Nc6 3. Bb5 e6 4. c3 d5 5. exd5 exd5 6. d4 Nf6 7. 0-0 Be7 8. Re1 0-0 9. Be3 cxd4 10. Nxd4 a6 11. Nxc6 bxc6 12. Bxc6 Rb8 13. b4 Bb7 14. Bxb7 Rxb7 15. Nd2 Qc7 16. Bd4 Bd6 17. Bxf6 gxf6 18. Qg4+ Kh8 19. Re3 Rg8 20. Qh4 Be5 21. Rh3 Rg7 22. Re1 Rb8 23. Ree3 Qd8 24. f4 Bc7 25. Nf3 a5 26. a3 axb4 27. axb4 Ra8 28. Nd4 Bb6 29. Reg3 Ra1+ 30. Kf2 Bxd4+ 31. cxd4 Ra2+ 32. Kf1 Qe8 33. Re3 Qb5+ 34. Rd3 Raxg2 35. Qxf6 Rg1+ 36. Ke2 R1g2+ 37. Kf1 Qe8 38. Qe5 Qb5 39. Qe3 Qa4 40. Qe8+ Qxe8 0-1